000 00652nam a2200229 a 4500
001 BRL_143
005 20190320210615.0
008 181012s1959----enka######---#000-0#eng-u
041 _aeng
044 _aenk
050 4 _aNE1325.K3
_b.H65 1959
245 1 0 _aHokusai
_cwith an intro and notes by Peter C. Swann.
260 _aLondon
_bFaber and Faber limited
_c1959
300 _a24 p.
_bil., 10 láminas
_c31 cm.
440 0 _aThe Faber gallery of oriental art
_v15
_923028
500 _aAu167
600 1 4 _aKatsushika, Hokusai
_d1760-1849.
_923029
650 1 4 _aPintura
_92498
700 1 _aSwann, Peter C.
_923030
902 _aGRL
942 _2lcc
_cB
999 _c8956
_d8956